000 00702nam a2200241Ia 4500
003 OSt
005 20220925232815.0
006 a|||||r|||| 00| 0
007 ta
008 220923b |||||||| |||| 00| 0 eng d
037 _cGeneral Book
040 _aRTL
_cRTL
_beng
041 _2eng
_aeng
082 _aXM8:8F, N7
100 _aCHOI Fedrick d s
_9297764
245 0 _aInternational accounting and finance handbook
250 _aEd 2
260 _aNew York
_bJohn Wiely
_c1997
300 _axxiii, various pages, Bibliography chapterwise
_ccm.
650 _aMultinationals
_9231032
942 _hXM8:8F, N7
_cGB
_2CC
999 _c592168
_d592168